00384nam a2200157Ia 4500003000400000008004100004040001600045082001700061100001900078245004500097260003800142300001000180650001400190650000900204650001300213GCL140319s9999 xx 000 0 eng d aGCL / cGCL04a746.432bT K1 aTREASURE PRESS10aKNITTING FOR CHILDREN / cTREASURE PRESS a[S.N] : bTEASURE PRESS ، c1987 a144 p04aHANDCRAFT04aARTS04aKNITTING